1824 1644 1620 1331 1530 1543 1430 1281 1562 1105 1577 1507 1767 1464 1219 1391 1786 1809 1705 1655 1234 1571 1641 1669 1758 1795 1795 1457 1751 1563 1313 1012 1990 1504 1962 1930 1358 1859 1354 1201 1302 1446 1297 1659 1825 1018 1175 1235 1853 1859 1900 1009 1289 1256 1395 1755 1455 1794 1102 1800 1674 1063 1850 1013 1039 1517 1661 1196 1393 1593 1912 1486 1547 1118 1733 1577 1737 1254 1941 1289 1140 1919 1332 1751 1568 1514 1692 1847 1280 1890 1883 1419 1107 1205 1942 1027 1301 1883 1061 BCNSPRNW ULIB Ver.6.0+V

เปลี่ยนเป็นภาษาไทย

Change to English
 แสดงรายละเอียดบรรณานุกรม
  กลับหน้าหลัก

Brief Record : Get Marc (ISO 2709) : E-mail record : QR code < ปิดหน้าต่าง
LEADER : 00000nam 2200000uu 4500
001    13399126309
003     ULIB
008    180905s2560||||th 000 0 tha d
020    ^a9786164450349
060  0 ^aWO700^bก328ว
100 0  ^aกวีศักดิ์ จิตตวัฒนรัตน์, บรรณาธิการ
245 00 ^aเวชบำบัดวิกฤตศัลยศาสตร์ในเวชปฏิบัติ =^bSurgical critical care in practice/^cกวีศักดิ์ จิตตวัฒนรัตน์, บรรณาธิการ
250    ^aพิมพ์ครั้งที่ 1
260    ^aเชียงใหม่ :^bภาควิชาศัลยศาสตร์ คณะแพทยศาสตร์ มหาวิทยาลัยเชียงใหม่,^c2560
300    ^a515 หน้า
650  0 ^aภาวะฉุกเฉิน -- ศัลยกรรม
650  0 ^aศัลยศาสตร์
856    ^a^zเวชบำบัดวิกฤตศัลยศาสตร์ในเวชปฏิบัติ = Surgical critical care in practice (สารบัญหนังสือ)^uhttp://110.164.66.211/ULIB6//_fulltext/bookcontent/13399114450/51880.pdf
945    ^p850^l0^i26541
945    ^p850^l0^i26542
999    ^aกัณชพร จุลอักษร
รายการนี้ยังไม่มีแท็ก
คุณยังไม่ได้ล็อกอิน คุณสามารถมีกิจกรรมร่วมกับเว็บไซต์ได้ แต่ต้องล็อกอินก่อน ::
  ล็อกอิน

รายการสื่อสารสนเทศ

ลำดับที่ ประเภท เลขเรียก/บาร์โค้ด สถานที่ สถานะ
1. หนังสือสำรอง
หนังสือสำรอง
WO700 ก328ว ฉ.1 
  Barcode: 26541
ห้องสมุดวิทยาเขตนครสวรรค์
►หนังสือทั่วไป:l:General Books
บนชั้น
2. วิทยาศาสตร์การแพทย์ และสุขภาพ
วิทยาศาสตร์การแพทย์ และสุขภาพ
WO700 ก328ว ฉ.2 
  Barcode: 26542
ห้องสมุดวิทยาเขตนครสวรรค์
►หนังสือทั่วไป:l:General Books
บนชั้น

รายการใกล้เคียง
    ผู้แต่ง [กวีศักดิ์ จิตตวัฒนรัตน์, บรรณาธิการ]

    หัวเรื่อง [ภาวะฉุกเฉิน -- ศัลยกรรม]
    หัวเรื่อง [ศัลยศาสตร์]

BibComment


ยังไม่เคยถูกคอมเมนท์

คอมเมนท์ทรัพยากรรายการนี้
  คอมเมนท์: เวชบำบัดวิกฤตศัล..


 Copyright 2026. Bcnsprnw @Library